000
00311nam a2200133Ia 4500
008
240624s9999 xx 000 0 und d
041
_a
eng
082
_a
200 PAT
100
_a
PATTANAIK DEVDUTT
245
_a
7 SECRETS OF SHIVA
260
_c
2011
_a
New Delhi
_b
Westland
300
_a
236 : p.
365
_c
RS
_b
25
999
_c
18239
_d
18239